Movies Quiz

Random Movies or Clickable Quiz

4 Movies, 1 Thing in Common III Quiz Stats

 Plays Quiz Updated Mar 21, 2016

Challenge
Share
Tweet
Embed
Score 0/16 Timer 04:00
1,262 Plays Today
% Correct
Very long journeys on foot
94.8%
Courtroom scenes
94.2%
Deserted islands
94.1%
Time travel
91.5%
Fishing trip scenes
90.3%
London settings
90.3%
Creepy kids
87.7%
Hotel settings
87.6%
% Correct
Difficult teenage years
86.6%
Con artists
85%
Angels
84.4%
Famous musician in main role
84.3%
Features a femme fatale
82.8%
Stars Nicole Kidman
76.4%
Vacations
75.6%
Features a 'Friends' star
73.6%

You're not logged in!

Compare scores with friends on all Sporcle quizzes.
OR
Log In

You Might Also Like...

Show Comments

Extras

Top Quizzes Today


Score Distribution

Your Account Isn't Verified!

In order to create a playlist on Sporcle, you need to verify the email address you used during registration. Go to your Sporcle Settings to finish the process.

Report this User

Report this user for behavior that violates our Community Guidelines.

Details: